Quiz sur les Pays-Bas - Statistiques

Statistiques générales
  • Ce quiz a été pris 169 fois
  • Le résultat moyen est 13 sur 24
Statistiques - réponses
Question Réponse % Correct
Quelle est les plus grandes villes? Amsterdam
100%
Quels pays européens bordent les Pays-Bas? Belgique
99%
Quels pays européens bordent les Pays-Bas? Allemagne
98%
Quelle est les plus grandes villes? Rotterdam
94%
Quelle est la langue officielle? Néerlandais
90%
Quel prix de la fleur a considérablement augmenté au 17e siècle? Tulip
83%
Quelle est les plus grandes villes? La Haye
69%
Quel est le nom d'une chaussure en bois? Sabot
67%
Quel est le sport national des Pays-Bas? Soccer
62%
Quel pays était appelé les Indes orientales néerlandaises? Indonésie
60%
Quelle est la marque de bière la plus célèbre des Pays-Bas? Heineken
57%
Quelle île des Caraïbes est partagée avec la France? Saint Martin
53%
Quel type d'embarquement est censé empêcher l'eau d'entrer? Digue
52%
Qui a peint «La Ronde de nuit»? Rembrandt
46%
Qui a peint «La Nuit étoilée»? Vincent Van Gogh
41%
Quelle grande compagnie pétrolière est basée aux Pays-Bas? Royal Dutch Shell
40%
Quel est le nom de leur héritier du trône? Prince d’{Orange}
37%
Quelle est la compagnie aérienne nationale des Pays-Bas? KLM
36%
Qu'est-ce qu'un terrain entouré par ce qui précède? Polder
35%
Quelle est l'ancienne monnaie des Pays-Bas? Florin
33%
Quelle est la garniture pour frites la plus populaire aux Pays-Bas? Mayonnaise
32%
Quelle est la plus grande banque des Pays-Bas? ING
28%
Qui est le roi actuel? Williem-Alexander
6%
Quel scientifique a été le premier à voir des organismes unicellulaires? Antonie van Leeuwenhoek
1%
Aucun quiz correspondant
Distribution des résultats
% des personnes avec chaque résultat
Percentile par nombre de réponses
Votre historique - résultats
Vous n’avez pas pris ce quiz